Facultad de Derecho – Universidad Nacional de Mar del Plata

Delitos contra la tranquilidad Pùblica (Record no. 3561)

MARC details
000 -CABECERA
campo de control de longitud fija 00409nam a22001577a 4500
008 - ELEMENTOS DE LONGITUD FIJA -- INFORMACION GENERAL
campo de control de longitud fija 150303b xxu||||| |||| 00| 0 spa d
080 ## - NUMERO DE CLASIFICACION DECIMAL UNIVERSAL (CDU)
Número de la Clasificación Decimal Universal 343.34 C 233
100 ## - ASIENTO PRINCIPAL--NOMBRE PERSONAL
Código del relacionador Carreras, Eduardo Raùl
245 ## - MENCION DE TITULO
Título propiamente dicho Delitos contra la tranquilidad Pùblica
260 ## - PUBLICACION, DISTRIBUCION, ETC. (PIE DE IMPRENTA)
Fecha de publicación, distribución, etc. (S F)
300 ## - DESCRIPCION FISICA
Extensión 10 P.
650 ## - ASIENTO SECUNDARIO DE MATERIA - TERMINO TEMATICO
Fuente del encabezamiento o término LEMB
Término temático o nombre geográfico como elemento de entrada Delitos contra la tranquilidad Pùblia
651 ## - ASIENTO SECUNDARIO DE MATERIA - NOMBRE GEOGRAFICO
Fuente del encabezamiento o término LEMB
945 ## - INFORMACION DE PROCESAMIENTO LOCAL
Responsable de carga/modificación Celeste Delía
Fecha de ingreso o modificación 2015-03-03
Holdings
Retirado Perdido Dañado No se presta Ubicación permanente Locación actual Estante o sala Fecha de adquisición Signatura topográfica Inventario Ultima fecha vista Tipo de item de Koha
        Bib. Derecho Bib. Derecho Biblioteca Graduados 03/03/2015 343.34 C 233 300855 03/03/2015 LIBRO (Consulta)
        Bib. Derecho Bib. Derecho Biblioteca Graduados 03/03/2015 343.34 C 233 300863 03/03/2015 LIBRO
        Bib. Derecho Bib. Derecho Biblioteca Graduados 03/03/2015 343.34 C 233 300861 03/03/2015 LIBRO
        Bib. Derecho Bib. Derecho Biblioteca Graduados 03/03/2015 343.34 C 233 300862 03/03/2015 LIBRO
        Bib. Derecho Bib. Derecho Biblioteca Graduados 03/03/2015 343.34 C 233 300860 03/03/2015 LIBRO
        Bib. Derecho Bib. Derecho Biblioteca Graduados 03/03/2015 343.34 C 233 300859 03/03/2015 LIBRO
        Bib. Derecho Bib. Derecho Biblioteca Graduados 03/03/2015 343.34 C 233 300858 03/03/2015 LIBRO

XHTML | CSS | ©Biblioteca Central - Dto. Tecnología de la Información - [ Con tecnología Koha ]